000 00387nam a2200145Ia 4500
008 230312s9999||||xx |||||||||||||| ||und||
020 _a0-534-26498-0
082 _a698.1
_bVIE-L
100 _aViera;Dave
245 0 _aLighting for Film and Digital Cinematography
260 _bThomson
_aUSA
_c2005
300 _a270
650 _aMass com
_vMass Communication/Art & Design
942 _cBK
999 _c11539
_d11539